Ketten a képen Paul Klee és Tandori Dezső /
Elmentve itt :
| Szerző: | |
|---|---|
| Dokumentumtípus: | Könyv része |
| Megjelent: |
2013
|
| Sorozat: | Szövegek között
17 Szövegek között 17. 17 |
| Kulcsszavak: | Paul Klee, Tandori Dezső, Festészt - svájci - 19-20. sz., Magyar irodalom - költészet |
| Tárgyszavak: | |
| Online Access: | http://acta.bibl.u-szeged.hu/32130 |
| LEADER | 00880naa a2200229 i 4500 | ||
|---|---|---|---|
| 001 | acta32130 | ||
| 005 | 20220208145747.0 | ||
| 008 | 161017s2013 hu o 0|| hun d | ||
| 022 | |a 1418-0480 | ||
| 040 | |a SZTE Egyetemi Kiadványok Repozitórium |b hun | ||
| 041 | |a hun | ||
| 100 | 1 | |a Éles Árpád | |
| 245 | 1 | 0 | |a Ketten a képen |h [elektronikus dokumentum] : |b Paul Klee és Tandori Dezső / |c Éles Árpád |
| 260 | |c 2013 | ||
| 300 | |a 44-57 | ||
| 490 | 0 | |a Szövegek között |v 17 | |
| 490 | 0 | |a Szövegek között 17. |v 17 | |
| 650 | 4 | |a Bölcsészettudományok | |
| 650 | 4 | |a Nyelvek és irodalom | |
| 650 | 4 | |a Művészetek (művészetek, művészettörténet, előadóművészetek, zene) | |
| 695 | |a Paul Klee, Tandori Dezső, Festészt - svájci - 19-20. sz., Magyar irodalom - költészet | ||
| 856 | 4 | 0 | |u http://acta.bibl.u-szeged.hu/32130/1/szovegek_017_044-057.pdf |z Dokumentum-elérés |